|
|
|
|
| LEADER |
01072pam a22003018a 4500 |
| 001 |
00027462 |
| 005 |
20171026081023.0 |
| 008 |
111115s2011 ||||||Viesd |
| 041 |
0 |
# |
|a Vie
|
| 082 |
1 |
4 |
|a 394.109 597
|b V115H
|
| 100 |
1 |
# |
|a Nguyễn, Văn Hòa
|
| 245 |
1 |
0 |
|a Văn hóa ẩm thực Thái vùng Tây bắc Việt Nam
|c Nguyễn Văn Hòa
|
| 260 |
# |
# |
|a Hà Nội
|b Thanh niên
|c 2011
|
| 300 |
# |
# |
|a 170 tr.
|c 21 cm.
|
| 500 |
# |
# |
|a ĐTTS ghi: Hội văn nghệ dân gian Việt Nam
|
| 541 |
# |
# |
|a tặng
|
| 650 |
# |
4 |
|a Thái (Dân tộc Việt Nam)
|x Đời sống xã hội và tập quán
|
| 650 |
# |
4 |
|a Ẩm thực
|z Tây bắc
|z Việt Nam
|
| 653 |
# |
# |
|a Dân tộc Thái
|
| 653 |
# |
# |
|a Văn hóa ẩm thực
|
| 710 |
2 |
# |
|a Hội Văn nghệ dân gian Việt Nam
|
| 852 |
# |
# |
|b Kho đọc
|j KD.0011984
|
| 852 |
# |
# |
|j KD.0011984
|
| 910 |
# |
# |
|a Ntuyet
|d 15/11/2011
|
| 980 |
# |
# |
|a Trung tâm Học liệu Lê Vũ Hùng, Trường Đại học Đồng Tháp
|